BTH Things Quiz Stats

 Plays Quiz Updated Feb 18, 2014

Also try: Baby Beasts
Challenge
Share
Tweet
Embed
Score 0/26 Timer 07:00
0 Plays Today
Clue Word % Correct
You take one when you inhaleBreath
99.1%
When a baby arrives in the worldBirth
98.9%
Thin soupBroth
94.6%
Public telephone boxBooth
92.4%
The two of themBoth
91.6%
UnderBeneath
87.3%
Something you draw in the tubBath
86.9%
The one after # 999,999,999Billionth
85.2%
This Mrs is a woman-shaped syrup bottleButterworth
67.4%
To leave an inheritanceBequeath
61.7%
Garden feature promoting avian cleanlinessBirdbath
61%
Side to side distanceBreadth
60.2%
One who can't keep a secretBlabbermouth
50.4%
Clue Word % Correct
Baywatch's YasmineBleeth
49.1%
Old-time iron forgerBlacksmith
48.6%
Sleeping area on a train or boatBerth
45.7%
Extraordinarily large and powerful creatureBehemoth
39.8%
To promise to give in marriageBetroth
38%
Wireless technology named for a Danish kingBluetooth
37.9%
From 1976, Kiss's highest-charting singleBeth
35.5%
Arrested Development familyBluth
34.7%
Not Beckinsale - the other Kate!Bosworth
32.4%
Chemical element 83Bismuth
29%
Data communication throughput concernBandwidth
24.4%
1998 Warren Beatty film about a political MCBulworth
10.8%
Loose garment that hangs over the loinsBreechcloth
3.4%

You're not logged in!

Compare scores with friends on all Sporcle quizzes.
Join for Free
OR
Log In

You Might Also Like...

Show Comments

Extras

Top Quizzes Today


Score Distribution

Your Account Isn't Verified!

In order to create a playlist on Sporcle, you need to verify the email address you used during registration. Go to your Sporcle Settings to finish the process.

Report this User

Report this user for behavior that violates our Community Guidelines.

Details: